Welcome to CU Library Online Public Access Catalogue (OPAC)

Logistics and supply chain integration / (Record no. 5883)

MARC details
000 -LEADER
fixed length control field 00940cam a22002657a 4500
001 - CONTROL NUMBER
control field 14651279
005 - DATE AND TIME OF LATEST TRANSACTION
control field 20250521111251.0
008 - FIXED-LENGTH DATA ELEMENTS--GENERAL INFORMATION
fixed length control field 061130s2007 caua b 001 0 eng
020 ## - INTERNATIONAL STANDARD BOOK NUMBER
International Standard Book Number 9781412929783 (hbk.)
020 ## - INTERNATIONAL STANDARD BOOK NUMBER
International Standard Book Number 1412929784 (hbk.)
020 ## - INTERNATIONAL STANDARD BOOK NUMBER
International Standard Book Number 1412929792 (pbk.)
020 ## - INTERNATIONAL STANDARD BOOK NUMBER
International Standard Book Number 9781412929790 (pbk.)
050 00 - LIBRARY OF CONGRESS CALL NUMBER
Classification number HD38.5
Item number .S23 2007
082 04 - DEWEY DECIMAL CLASSIFICATION NUMBER
Classification number 658.5
Edition information 22
100 1# - MAIN ENTRY--PERSONAL NAME
Personal name Sadler, Ian.
245 10 - TITLE STATEMENT
Title Logistics and supply chain integration /
Statement of responsibility, etc. Ian Sadler.
260 ## - PUBLICATION, DISTRIBUTION, ETC.
Place of publication, distribution, etc. Los Angeles ;
-- London :
Name of publisher, distributor, etc. SAGE,
Date of publication, distribution, etc. 2007.
300 ## - PHYSICAL DESCRIPTION
Extent xxii, 259 p. :
Other physical details ill. ;
Dimensions 25 cm.
650 #0 - SUBJECT ADDED ENTRY--TOPICAL TERM
Topical term or geographic name entry element Business logistics.
650 #0 - SUBJECT ADDED ENTRY--TOPICAL TERM
Topical term or geographic name entry element Business logistics
Form subdivision Case studies.
650 #0 - SUBJECT ADDED ENTRY--TOPICAL TERM
Topical term or geographic name entry element Business logistics
Form subdivision Problems, exercises, etc.
856 42 - ELECTRONIC LOCATION AND ACCESS
Materials specified Publisher description
Uniform Resource Identifier <a href="http://www.loc.gov/catdir/enhancements/fy0743/2006939433-d.html">http://www.loc.gov/catdir/enhancements/fy0743/2006939433-d.html</a>
856 41 - ELECTRONIC LOCATION AND ACCESS
Materials specified Table of contents only
Uniform Resource Identifier <a href="http://www.loc.gov/catdir/enhancements/fy0743/2006939433-t.html">http://www.loc.gov/catdir/enhancements/fy0743/2006939433-t.html</a>
942 ## - ADDED ENTRY ELEMENTS (KOHA)
Source of classification or shelving scheme Library of Congress Classification
Koha item type Books
Suppress in OPAC No
999 ## -
-- 5883
-- 5883
Holdings
Withdrawn status Lost status Source of classification or shelving scheme Damaged status Not for loan Collection Home library Current library Shelving location Date acquired Total checkouts Full call number Barcode Date last seen Copy number Price effective from Koha item type
    Library of Congress Classification     Non-fiction Graduate Library (Christ Temple) Graduate Library (Christ Temple) General stacks 05/21/2025   HD 38.5.S23 SAD GSCT00001251 05/21/2025 1 05/21/2025 Books
    Library of Congress Classification     Non-fiction Graduate Library (Christ Temple) Graduate Library (Christ Temple) General stacks 05/21/2025   HD 38.5.S23 SAD GSCT00001252 05/21/2025 2 05/21/2025 Books
    Library of Congress Classification     Non-fiction Graduate Library (Christ Temple) Graduate Library (Christ Temple) General stacks 05/21/2025   HD 38.5.S23 SAD GSCT00001253 05/21/2025 3 05/21/2025 Books
    Library of Congress Classification     Non-fiction Graduate Library (Christ Temple) Graduate Library (Christ Temple) General stacks 05/21/2025   HD 38.5.S23 SAD GSCT00001254 05/21/2025 4 05/21/2025 Books
    Library of Congress Classification     Non-fiction Graduate Library (Christ Temple) Graduate Library (Christ Temple) General stacks 05/21/2025   HD 38.5.S23 SAD GSCT00001255 05/21/2025 5 05/21/2025 Books
© 2023-2024 Copyright: Central University Libraries. All Rights Reserved | Created by: Mahone Tech Office